Statistics for Most Popular Christmas Presents In Every State

Click here to take the quiz!

General Stats

  • This quiz has been taken 54 times
  • The average score is 12 of 50

Answer Stats

Answer% Correct
TennesseePhone
63%
GeorgiaPhone
63%
North CarolinaPhone
63%
New MexicoPhone
63%
NevadaPhone
63%
TexasPhone
63%
IllinoisPhone
63%
MichiganPhone
63%
ConnecticutPhone
63%
ArkansasPhone
63%
AlabamaShoes
48%
South CarolinaShoes
48%
MaineBooks
40%
VermontBooks
40%
PenssylvaniaGift Cards
40%
OhioGift Cards
40%
Rhode IslandJewelry
33%
MarylandLaptop
31%
VirginiaLaptop
31%
FloridaPerfume
27%
New YorkHeadphones
19%
IowaVideogames
19%
ColoradoCamera
17%
OregonCamera
17%
UtahConsole
8%
KentuckyConsole
8%
NebraskaLegos
6%
CaliforniaSkateboard
6%
ArizonaSkateboard
6%
MinnesotaCoffee
4%
WashingtonKindle
4%
LouisianaPajamas
4%
North DakotaBluetooth Speaker
2%
WisconsinBluetooth Speaker
2%
MississippiBluetooth Speaker
2%
IndianaBluetooth Speaker
2%
MassachusettsGift Basket
2%
New HampshireGift Basket
2%
HawaiiGo Pro
2%
West VirginiaHatchimals
2%
IdahoMinecraft Toy
2%
South DakotaMinecraft Toy
2%
MontanaOf The Month Club
2%
OklahomaOf The Month Club
2%
MissouriOf The Month Club
2%
KansasOf The Month Club
2%
New JerseySport Jersey
2%
DelawareSport Jersey
2%
AlaskaSubscription Boxes
2%
WyomingSubscription Boxes
2%

Score Distribution

Percentile by Number Answered

Percent of People with Each Score

Your Score History

You have not taken this quiz